000 00659nam a2200241Ia 4500
005 20260430150019.0
008 008 250103s9999 xx 000 0 eng d
037 _aTheses
040 _aCRL
040 _beng
040 _ceng
041 _2eng
041 _aeng
084 _qCRL
100 _aKela Richa Au.; Gupta Aditya Kumar Gu.
_91236200
245 0 _aEuthanasia and the question of 'Death': Examining with special reference to kathopanisad
260 _c2022
300 _a165p.
650 _aPhilosophy
700 _aUniversity of Delhi. Faculty of Arts. Department of Philosophy
_978395
942 _cTH
999 _c1848729
_d1848729